Central Library and Information Centre
Sibsagar Girls' College, Sivasagar : Assam

GEOGRAPHY AND PLANNING (Record no. 8181)

MARC details
000 -LEADER
fixed length control field 00403cam a2200169ua 4500
008 - FIXED-LENGTH DATA ELEMENTS--GENERAL INFORMATION
fixed length control field 060101n1985 II |||gr||||Z||||||eng
040 ## - CATALOGING SOURCE
Original cataloging agency MAIN
041 ## - LANGUAGE CODE
-- English
082 ## - DEWEY DECIMAL CLASSIFICATION NUMBER
Classification number 900 SUN
100 ## - MAIN ENTRY--PERSONAL NAME
Personal name SUNDARAM , K.V .
245 ## - TITLE STATEMENT
Title GEOGRAPHY AND PLANNING
260 ## - PUBLICATION, DISTRIBUTION, ETC.
Place of publication, distribution, etc. NEW DELHI
Name of publisher, distributor, etc. CONCEPT PUBLISHING COOPERATION
Date of publication, distribution, etc. 1985
300 ## - PHYSICAL DESCRIPTION
Extent 344.
942 ## - ADDED ENTRY ELEMENTS (KOHA)
Koha item type Books
653 ## - INDEX TERM--UNCONTROLLED
Uncontrolled term History & geography
Holdings
Withdrawn status Lost status Damaged status Not for loan Collection code Home library Current library Shelving location Date acquired Full call number Barcode Date last seen Copy number Price effective from Koha item type Public note
        TBGEO Central Library and Information Centre Sibsagar Girls College Central Library and Information Centre Sibsagar Girls College GEOGRAPHY BOOK RACK 20.04.1983 900 SUN 07331 27.02.2020 1 27.02.2020 Books V


Sibsagar Girl's College © 2020. All rights reserved.
Powered by Koha.
Maintained by Abhijit Borpuzari.